000 01444nam a22002657a 4500
003 OSt
005 20210219163356.0
008 210219s2005 ck ||||gr|||| 00| 0 spa d
020 _a9589755364
_qV.1
020 _a9589755372
_qV.2
040 _aCO-JMCR
_cCO-JMCR
041 0 _aspa
082 0 4 _a323.43 /
_bG144d
_223
100 1 _aGaitán García, Olga Lucía,
_eautora
_913716
245 1 4 _aLos derechos a la vida, a la integridad personal y a la libertad y a la seguridad personales :
_balcance, contenido y obligaciones del Estado /
_cOlga Lucía Gaitán García
260 _aBogotá :
_bMinisterio del Interior y de Justicia : USAID,
_c2005
300 _a2 volúmenes ;
_c24 cm.
500 _aIncluye notas a pie de página.
505 0 _gV.1. El derecho a la vida -- El derecho a la integridad personal
_gV.2. El derecho a la libertad personal -- El derecho a la seguridad personal
520 3 _aLa importancia de los derechos humanos es tan decisiva que diversas corrientes del pensamiento económico les otorgan hoy un papel protagónico como motor del desarrollo humano. Así se ha afirmado que "el desarrollo es, de hecho, un compromiso con las posibilidades de la libertad" según Amartya Sen, el desarrollo es un proceso de expansión de las libertades reales de las que disfrutan los individuos,
650 1 4 _aDerecho a la vida
_92916
650 1 4 _aDerechos humanos
_913717
650 1 4 _aLibertad
_97022
942 _2ddc
_cBK
999 _c7259
_d7259